000 00523nam a22001817a 4500
999 _c192000
_d192000
005 20220908153542.0
010 _aENG-134974
020 _a978-93-80153-95-7
_c140.00
035 _aEN-118506
037 _bDBAD/PUB
082 _a500
100 _aM.G. Jackson
245 _aLearning the ways of things/
_cM.G. Jackson
260 _aSecunderabad
_bPermanent Green
_c2013
270 _a12-13-439, Street no.1, Tarnaka
_bSecunderabad
_e500017
300 _a190p.
_c21cm(pb)
942 _2ddc
_cEN
_h500
_mJAC